00638nam a2200205Ia 4500003000900000008004100009020001800050040001600068080001500084245006300099260003500162300001500197650003000212650001800242700002900260700003000289942000700319999001500326952009100341IN-BaIIA211028s9999 xx 000 0 eng d a0-8052-0191-2 cIIA Library a92:53bNAT 0aEinstein on Peace.cedited by Otto Nathan And Heinz Norden aNew YorkbSchocken Booksc1968 axvi, 704p. aEinstein Biography914476 aScience91299 aNathan, Otto, ed.914477 aNorden, Heinz, ed.914478 cBK c8622d8622 00104070aBANbBANcGENd1986-03-10l0o92:53/ NATp9494r2021-11-05w1986-03-10yBK